000 006550000a22001810004500
999 _c54189
_d54189
001 768714001
003 CO-MdFUSB
005 20170814113500.0
008 170814s2001 xxu||||| |||| 00| 0 eng d
022 _a0098-9444
040 _aCO-MdFUSB
_bspa
_cCO-MdFUSB
_dCO-MdFUSB
041 _aeng
245 1 0 _aGiving credit where credit is due :
_bnew study shows that John Strugnell substantially reconstructed and deciphered MMT
300 _aVolumen 27. Número 2 (2001), Páginas 48-51
_c28 cm.
546 _aTexto en inglés
773 0 _tBiblical Archaeology Review
_049395
_959469
_gVolumen 27. Número 2 (2001), Páginas 48-51
_qPágina 48
942 _cANA